Textbook of the engines for fishing boats
Uloženo v:
| Médium: | Kniha |
|---|---|
| Jazyk: | angličtina |
| Vydáno: |
Tokio
Japan International Cooperation Agency
1983
|
| Témata: | |
| Tagy: |
Přidat tag
Žádné tagy, Buďte první, kdo vytvoří štítek k tomuto záznamu!
|
MARC
| LEADER | 00000nam a2200000 a 4500 | ||
|---|---|---|---|
| 001 | UCZ2819 | ||
| 003 | CL-VaPUC | ||
| 008 | 951013e19830000JA |||||||||||||||||eng|d | ||
| 082 | 0 | 4 | |a 623.8 |b TEX |2 21 |
| 245 | 1 | 0 | |a Textbook of the engines for fishing boats |
| 300 | |a 323 p | ||
| 942 | |c BK | ||
| 945 | |d 19951013 00:00:00 |a rbrito | ||
| 260 | |a Tokio |b Japan International Cooperation Agency |c 1983 | ||
| 650 | 7 | |a INGENIERIA MARINA |2 CL-VaPUC |9 346592 | |
| 650 | 0 | |a Industria pesquera |9 255432 | |
| 650 | 7 | |a MOTORES MARINOS |2 CL-VaPUC |9 338587 | |
| 650 | 0 | |a Arquitectura naval |9 261969 | |
| 650 | 7 | |a CONSTRUCCION NAVAL |2 CL-VaPUC |9 260853 | |
| 650 | 7 | |a BARCOS DE PESCA |2 CL-VaPUC |9 339702 | |
| 583 | |a last modification |c 19951013 00:00:00 |k Rodrigo Vera | ||
| 999 | |c 239371 |d 239369 | ||